Southville International School and Colleges
Your cart is empty.
  • Cart
  • Lists
    Public lists Eva Luna New books Lux_list list_1
    Your lists Log in to create your own lists
  • Log in to your account
  • Your cookies
  • Search history
Southville International School and Colleges
  • Advanced search
  • Recent comments
  • Most popular
  • Libraries

Log in to your account

Log in with GOOGLE


If you do not have an external account, but do have a local account, you can still log in:

  1. Home
  2. MARC view: Usborne Art ideas drawing animals : internet-linked /
Normal view MARC view ISBD view

Usborne Art ideas drawing animals : internet-linked / (Record no. 12243)

[ view plain ]
MARC details
000 -LEADER
fixed length control field 00677nam a22002057a 4500
003 - CONTROL NUMBER IDENTIFIER
control field PILC
005 - DATE AND TIME OF LATEST TRANSACTION
control field 20151020153340.0
008 - FIXED-LENGTH DATA ELEMENTS--GENERAL INFORMATION
fixed length control field 130927t xxu||||| |||| 00| 0 eng d
050 ## - LIBRARY OF CONGRESS CALL NUMBER
Classification number NC 780
Item number .D767 2001
082 ## - DEWEY DECIMAL CLASSIFICATION NUMBER
Classification number NC 780
Item number .D767 2001
100 ## - MAIN ENTRY--PERSONAL NAME
Personal name Milbourne, Anna
9 (RLIN) 22040
245 ## - TITLE STATEMENT
Title Usborne Art ideas drawing animals : internet-linked /
Statement of responsibility, etc Anna Milbourne
260 ## - PUBLICATION, DISTRIBUTION, ETC. (IMPRINT)
Place of publication, distribution, etc New York, NY :
Name of publisher, distributor, etc Scholastic,
Date of publication, distribution, etc c2001.
300 ## - PHYSICAL DESCRIPTION
Extent 63 p. :
Other physical details col. ill.,
Dimensions 28 cm.
440 ## - SERIES STATEMENT/ADDED ENTRY--TITLE
Title Usborne Art ideas :
9 (RLIN) 21967
650 ## - SUBJECT ADDED ENTRY--TOPICAL TERM
Topical term or geographic name as entry element Animals in art
General subdivision Juvenile literature
9 (RLIN) 21968
650 ## - SUBJECT ADDED ENTRY--TOPICAL TERM
Topical term or geographic name as entry element Drawing
General subdivision Handbooks, manuals, etc
-- Juvenile literature
9 (RLIN) 21969
942 ## - ADDED ENTRY ELEMENTS (KOHA)
Source of classification or shelving scheme Library of Congress Classification
Koha item type Books
Holdings
Withdrawn status Lost status Source of classification or shelving scheme Damaged status Home library Current library Shelving location Date acquired Total Checkouts Full call number Barcode Date last seen Date checked out Copy number Price effective from Koha item type
    Library of Congress Classification   Luxembourg Library Luxembourg Library Grade School Section 09/27/2013 2 NC 780 .D767 2001 14048 06/06/2017 05/25/2017 1 10/03/2013 Books

Usborne Art ideas drawing animals : internet-linked /

APA

Milbourne A., . (2001). Usborne Art ideas drawing animals : internet-linked. New York, NY: Scholastic.

Chicago

Milbourne Anna, . 2001. Usborne Art ideas drawing animals : internet-linked. New York, NY: Scholastic.

Harvard

Milbourne A., . (2001). Usborne Art ideas drawing animals : internet-linked. New York, NY: Scholastic.

MLA

Milbourne Anna, . Usborne Art ideas drawing animals : internet-linked. New York, NY: Scholastic. 2001.

  • Place hold
  • Print
  • Cite
  • Add to your cart (remove)
  • Save record
    BIBTEX Dublin Core MARCXML MARC (non-Unicode/MARC-8) MARC (Unicode/UTF-8) MARC (Unicode/UTF-8, Standard) MODS (XML) RIS
  • More searches
    Search for this title in:
    Other Libraries (WorldCat) Other Databases (Google Scholar) Online Stores (Bookfinder.com) Open Library (openlibrary.org)

Exporting to Dublin Core...

SOUTHVILLE LIBRARY

Southville International School and Colleges Library

1281 Tropical Ave. Cor. Luxembourg St., BF Homes International, Las Pinas City

Tel. No. 8256374 / 252358 Loc. 117/146

Powered by Koha